000 01048cam a22002174a 4500
005 20250605164013.0
008 250528s ||||||||||||||||||||||||d
035 _a16015
020 _a136956777
040 _aGR-AtMCL
_bgre
_dGR-AtMCL
_eAACR2
245 1 _aStrategy Safari / A Guided Tour Through the Wilds of Strategic Management
260 _bPrentice Hall,
_c1998
300 _a408
520 _aA thoughtful and readable field guide to the wilds of strategic management. Embarkation, And Over Here Ladies and Gentlemen: The Strategic Management Beast, The Design School, The Planning School, The Positioning School, The Entrepreneurial School, The Cognitive School, The Learning School, The Power School, The Cultural School, The Environmental School, The Configuration School, ''Hang On Ladies and Gentlemen: You Have Yet to Meet the Whole Beast'', References, Index.
700 1 _aAhlstrand Bruce
_91810
700 1 _aLampel Joseph
_91811
700 1 _aMintzberg Henry
_9957
942 _cBK
999 _c1559
_d1559